|
|
|
|
| LEADER |
00000nta a2200000 i 4500 |
| 001 |
dolg10370 |
| 005 |
20170502112339.0 |
| 008 |
170502suuuu hu o 000 hun d |
| 040 |
|
|
|a BGE Dolgozattár Repozitórium
|b hun
|
| 041 |
|
|
|a hu
|
| 100 |
1 |
|
|a Szécsényi Barbara
|
| 245 |
1 |
0 |
|a Hungaropress Kft. a Budapesti Nemzetközi Könyvfesztiválon
|c Szécsényi Barbara
|h [elektronikus dokumentum]
|
| 516 |
|
|
|a Final_paper
|
| 695 |
|
|
|a könyvfesztivál
|
| 695 |
|
|
|a E-könyv
|
| 700 |
1 |
|
|a Renner Péter
|e ths
|
| 856 |
4 |
0 |
|u http://dolgozattar.uni-bge.hu/10370/1/z%C3%A1r%C3%B3dolgozat_2017_szecsenyi_barbara_%C3%B6sszet%C5%B1z%C3%A9sre.pdf
|z Dokumentum-elérés
|